• 首页
  • 本馆介绍
  • 公告通知
  • 最新文献
  • 馆藏检索
  • 电子资源
  • 读者导购
  • 参考咨询
  • 我的图书馆
  • 登录
  • 详细信息显示
  • 放入我的书架
  • 预约/预借图书
  • 作者相关作品
  • 分类相关作品
  • 丛书相关作品
  • 出版社相关作品

书目信息

  • 表格格式
  • 工作单格式
  • 卡片格式
题名:
埃及艺术
    
 
作者: 高火
分册:  
出版信息: 石家庄   河北教育出版社  2003
页数: 229
开本: 20cm
丛书名: 世界艺术宝库
单 册:
中图分类: J312
科图分类:
主题词: 雕塑--(技术)美术
电子资源:
ISBN: 7-5434-5228-6
000 00565nam0 2200205 450
001 0729297901
005 20071003080817.90
010    @a7-5434-5228-6@d¥49.80
100    @a20071003d km y0chiy0120 ea
101 0  @achi
200 1  @a埃及艺术@Aai ji yi shu@f高火@Fgao huo
210    @a石家庄@c河北教育出版社@d2003
215    @a229@d20cm
225 2  @a世界艺术宝库
410  0 @12001 @a世界艺术宝库
606 0  @a雕塑@x(技术)美术
690    @aJ312@v4
701  0 @a高火@Agao huo
801  0 @aCN@b大连网信软件有限公司图书馆·11@c20071003
905    @a213230@dJ312@eM13
    
    埃及艺术/高火.-石家庄:河北教育出版社,2003
    229;20cm.-(世界艺术宝库)
    
    
    ISBN 7-5434-5228-6:¥49.80
    
●
相关链接 在E读中查询图书 在五车中查询图书 在当当中查询图书 在豆瓣中查询图书


正题名:埃及艺术     索取号:J312/M13         预约/预借

序号 登录号 条形码 馆藏地/架位号 状态 备注
1 6401050   264010509   密集书库-美术系/ [索取号:J312/M13] 在馆    
唐山师范学院图书馆 欢迎您!
大连网信软件有限公司© 版权所有